000 00675nam a2200217 a 4500
999 _c5192
_d5192
001 5192
003 BD-JhCC
005 20171210163446.0
008 171210b1976 bg |||| ||a| 000 0 ben d
035 _a(BD-JhCC)5192
040 _aBD-JhCC
_dBD-JhCC
041 _aben
082 _a303
_bKAR 1976
100 _aকরিম, এ. কে. নাজমুল
245 _aসমাজ বিজ্ঞান পরিভাষাকোষ /
_cএ. কে. নাজমুল করিম
260 _aঢাকা :
_bবাংলা একাডেমী,
_c1976.
300 _a46 p. :
_c22 cm.
650 _aTerminology of Sociology
942 _2ddc
_cBK